000 00659cam a22002411 4500
001 6033798
005 20180206034733.0
008 720627s1952 cau b 000 0 eng
010 _a 52014348
015 _aGB53-7671
035 _a(OCoLC)342486
040 _aDLC
_cOClW
_dOCoLC
_dODaWU
_dUk
_dDLC
041 _aeng
042 _apremarc
080 _a917.3
082 _a917.3 MOS
100 1 _a16
101 _aHIS
245 1 4 _aThe American temper;
504 _aBibliographical references included in "Notes" (p. [303]-306)
906 _a7
_bcbc
_coclcrpl
_du
_encip
_f19
_gy-gencatlg
942 _2ddc
_cBK
999 _c41859
_d41859